|
|
|
|
| LEADER |
02630nam a2200589 i 4500 |
| 001 |
000585241 |
| 003 |
CZ BrMZK |
| 005 |
20230321124048.0 |
| 007 |
ta |
| 008 |
020129s2001 xr f 001 0 cze |
| 015 |
|
|
|a cnb001065733
|
| 020 |
|
|
|a 80-7294-043-0
|q (brožováno)
|
| 035 |
|
|
|a (OCoLC)50429999
|
| 040 |
|
|
|a BOA001
|b cze
|e rda
|
| 045 |
|
|
|a x-x-
|
| 072 |
|
7 |
|a 821.162.3.09
|x Česká literatura (o ní)
|2 Konspekt
|9 11
|
| 080 |
|
|
|a 821.162.3-31
|2 MRF
|
| 080 |
|
|
|a 821.133.1-31
|2 MRF
|
| 080 |
|
|
|a 808.543-027.21
|2 MRF
|
| 080 |
|
|
|a 808.543-027.22
|2 MRF
|
| 080 |
|
|
|a 82.09
|2 MRF
|
| 080 |
|
|
|a (048.8)
|2 MRF
|
| 100 |
1 |
|
|a Kubíček, Tomáš,
|d 1966-
|7 jo20000080606
|4 aut
|
| 245 |
1 |
0 |
|a Vyprávět příběh :
|b naratologické kapitoly k románům Milana Kundery /
|c Tomáš Kubíček
|
| 250 |
|
|
|a Vydání první
|
| 264 |
|
1 |
|a Brno :
|b Host,
|c 2001
|
| 300 |
|
|
|a 200 stran ;
|c 21 cm
|
| 336 |
|
|
|a text
|b txt
|2 rdacontent
|
| 337 |
|
|
|a bez média
|b n
|2 rdamedia
|
| 338 |
|
|
|a svazek
|b nc
|2 rdacarrier
|
| 490 |
1 |
|
|a Studium ;
|v svazek 8
|
| 500 |
|
|
|a Dostupné též v digitální podobě v aplikaci Kramerius
|
| 504 |
|
|
|a Obsahuje bibliografie, bibliografické odkazy a rejstřík
|
| 600 |
1 |
7 |
|a Kundera, Milan,
|d 1929-
|7 jk01070894
|2 czenas
|
| 648 |
|
7 |
|a 20. století
|7 ch460558
|2 czenas
|
| 650 |
0 |
7 |
|a český román
|7 ph128149
|y 20. století
|2 czenas
|
| 650 |
0 |
7 |
|a francouzský román
|7 ph123482
|y 20. století
|2 czenas
|
| 650 |
0 |
7 |
|a naratologie
|7 ph500243
|2 czenas
|
| 650 |
0 |
7 |
|a vypravěčské techniky
|7 ph161936
|2 czenas
|
| 650 |
0 |
7 |
|a literárněvědné rozbory
|7 ph138745
|2 czenas
|
| 655 |
|
7 |
|a monografie
|7 fd132842
|2 czenas
|
| 830 |
|
0 |
|a Studium (Host)
|0 s
|
| 856 |
4 |
1 |
|u http://www.digitalniknihovna.cz/mzk/uuid/uuid:758a0d80-57ce-11e6-aff7-005056827e51
|y Digitalizovaný dokument
|x NDK
|
| 910 |
|
|
|a BOA001
|b 2-1096.606
|b KMK-0000.133
|
| 990 |
|
|
|a BK
|
| 991 |
|
|
|b 202212
|
| 996 |
6 |
|
|b 2610151458
|c 2-1096.606
|l MZK
|r Sklad / do 1 hodiny
|n 30
|p kup
|w 000585241
|u 000010
|a 1
|e BOA001
|j MZK50
|s P
|
| 996 |
7 |
|
|b 2610153660
|c 2-1096.606
|l Vol.výběr
|r VV 1p
|n 56
|p kup
|h 821.162.3 KUB
|w 000585241
|u 000020
|a 0
|e BOA001
|j MZK50
|s A
|
| 996 |
7 |
|
|b 2610153661
|c 2-1096.606
|l Vol.výběr
|r VV 1p
|n 55
|p kup
|h 821.162.3 KUB
|w 000585241
|u 000030
|a 0
|e BOA001
|j MZK50
|s A
|
| 996 |
7 |
|
|b 2610159248
|c 2-1096.606
|l Vol.výběr
|r VV 1p
|n 63
|p p.v.
|h 821.162.3 KUB
|w 000585241
|u 000040
|a 0
|e BOA001
|j MZK50
|s A
|
| 996 |
6 |
|
|b 261K000163
|c KMK-0000.133
|l MZK
|r K. M. Kundery - 1. patro
|n 0
|p dar
|h G/02-11.P,004
|w 000585241
|u 000050
|a 0
|e BOA001
|j MZK50
|s P
|
| 996 |
6 |
|
|b 261K000881
|c KMK-0000.133
|l MZK
|r K. M. Kundery - 1. patro
|n 0
|p dar
|h G/02-11.P,005
|w 000585241
|u 000060
|a 0
|e BOA001
|j MZK50
|s P
|